| 000 | 00455cam a2200193 4500 | ||
|---|---|---|---|
| 001 | D8303 | ||
| 008 | 090401t1978 xxu||||| |||| 00| 0 eng d | ||
| 035 | _a(Sirsi) u94556 | ||
| 041 | _aeng | ||
| 050 | _a693.5 | ||
| 100 | _aRoeder, A.R. | ||
| 245 | _aAdmixtures for concrete | ||
| 260 |
_aAscot _b10B _c1978 |
||
| 300 | _a5 leaves. 30cm | ||
| 350 | _a0 | ||
| 490 |
_aIOB Site Management Information Service _v73 |
||
| 942 | _n0 | ||
| 948 | _c04/03/1997 | ||
| 999 |
_c98078 _d98078 |
||